Aktuálne informácie z pripravovanej novely zákona o účtovníctve

Gespeichert in:
Bibliographische Detailangaben
1. Verfasser: Meluchová, Jitka, 1965-
Format: Buchkapitel
Sprache:Slowakisch
Tags: Tag hinzufügen
Keine Tags, Fügen Sie das erste Tag hinzu!

MARC

LEADER 00000naa$a2200000$$$4500
001 0067379
005 20240502071817.1
041 0 |a slo 
044 |a SK 
245 1 0 |a Aktuálne informácie z pripravovanej novely zákona o účtovníctve  |c Jitka Meluchová 
100 1 |a Meluchová, Jitka, 1965-